|
|
|
|
| LEADER |
01205cam a2200385 7i4500 |
| 001 |
0000024430 |
| 005 |
20100426090000.0 |
| 020 |
0 |
0 |
|a 978-1-58239-002-4
|
| 090 |
0 |
0 |
|a WESA 382.5025
|b INT
|
| 245 |
0 |
0 |
|a The International directory of importers Middle East 2010.
|
| 250 |
0 |
0 |
|a 22nd ed.
|
| 260 |
0 |
0 |
|a Poulsbo,WA:
|b Interdata,
|c 2010.
|
| 300 |
# |
# |
|a 486 p.
|
| 650 |
0 |
0 |
|a Imports --
|x Directories --
|z West Asia
|
| 651 |
0 |
0 |
|a Syria
|
| 651 |
0 |
0 |
|a Yemen
|
| 651 |
0 |
0 |
|a Azerbaijan
|
| 651 |
0 |
0 |
|a Armenia
|
| 651 |
0 |
0 |
|a Israel
|
| 651 |
0 |
0 |
|a Kuwait
|
| 651 |
0 |
0 |
|a Qatar
|
| 651 |
0 |
0 |
|a Jordan
|
| 651 |
0 |
0 |
|a Lebanon
|
| 651 |
0 |
0 |
|a Bahrain
|
| 651 |
0 |
0 |
|a United Arab Emirates
|
| 651 |
0 |
0 |
|a Oman
|
| 651 |
0 |
0 |
|a Turkey
|
| 651 |
0 |
0 |
|a Iran
|
| 651 |
0 |
0 |
|a Saudi Arabia
|
| 999 |
|
|
|a B000026519
|b Directories
|c Regions
|e Business Information Centre
|
| 999 |
|
|
|a B000026520
|b Directories
|c Regions
|e Business Information Centre
|
| 999 |
|
|
|a B000026521
|b Directories
|c Regions
|e Business Information Centre
|
| 999 |
|
|
|a PNG000906B
|b Directories
|c Regions
|e MATRADE Northern Regional Office
|
| 999 |
|
|
|a SBH000876B
|b Directories
|c Regions
|e MATRADE Sabah
|
| 999 |
|
|
|a SRW000303B
|b Directories
|c Regions
|e MATRADE Sarawak
|